000 00445nam a2200169Ia 4500
005 20250508151623.0
008 008 250505s9999 xx 000 0 eng d
037 _aTextual
040 _aFEDL
_beng
_cFEDL
041 _aeng
_2eng
084 _a378.5402, ALI
_qFEDL
245 0 _aSyllabus and courses
245 0 _cAligarh Muslim University
300 _a338p.
942 _cTEXL
_h378.5402, ALI
999 _c1330972
_d1330972